000 00296nam a22001097a 4500
020 _a978-1260143249
082 _a621.3815
_bMON
245 _aProgramming Arduino Next Steps: Going Further with Sketches /
_cSimon Monk
260 _bMcGraw Hill TAB,
_c2018.
300 _a296p. ;
942 _2ddc
_cBK
999 _c615096
_d615096